00333nam a2200133Ia 4500008004100000020001500041041001200056082001600068100002000084245005500104260002500159300000800184650000700192221030s9999 xx 000 0 und d a0074515756 aEnglish a105.23bDes aM. V. Deshpande 0aElectrical Power System Designcby M. V. Deshpande bTMHaNew Delhic2002 a362 aEE